| 000 | 00422cam a22001337a 4500 | ||
|---|---|---|---|
| 008 | 180718b1954 xxu||||| |||| 00| 0 eng d | ||
| 082 | _aD613 B388 | ||
| 100 | _aBeckel, Graham | ||
| 245 |
_aWorkshops for the world: the specialized agencies of the United Nations _cby Benjamin A. Cohen |
||
| 260 |
_aNew York _bAbelard-Schuman _c1954 |
||
| 300 | _axxiii, 213p | ||
| 650 | _aInternational agencies | ||
| 650 | _aUnited Nations | ||
| 999 |
_c425553 _d425553 |
||